The origins and development of Muslim institutions / (Record no. 32954)
[ view plain ]
| 000 -LEADER | |
|---|---|
| fixed length control field | 00803cam a22002771a 4500 |
| 001 - CONTROL NUMBER | |
| control field | 32954 |
| 003 - CONTROL NUMBER IDENTIFIER | |
| rucl marc code | BD-RjUL |
| 005 - DATE AND TIME OF LATEST TRANSACTION | |
| control field | 20211209051924.0 |
| 008 - FIXED-LENGTH DATA ELEMENTS--GENERAL INFORMATION | |
| fixed length control field | 760726s1962 pk 000 0 eng |
| 035 ## - SYSTEM CONTROL NUMBER | |
| System control number | (BD-RjUL)33044 |
| System control number | (OCoLC)2335972 |
| 040 ## - CATALOGING SOURCE | |
| Original cataloging agency | DLC |
| Transcribing agency | NcDaD |
| Modifying agency | WU |
| -- | DLC |
| Language of cataloging | eng |
| 041 ## - LANGUAGE CODE | |
| Language code of text/sound track or separate title | eng |
| 082 ## - DEWEY DECIMAL CLASSIFICATION NUMBER | |
| Classification number | 301.4 |
| Author mark and year | SIO 1962 |
| 100 1# - MAIN ENTRY--PERSONAL NAME | |
| Personal name | Siddiqi, Amir Hasan. |
| 9 (RLIN) | 99719 |
| 245 14 - TITLE STATEMENT | |
| Title | The origins and development of Muslim institutions / |
| Statement of responsibility, etc. | by Dr. Amir Hasan Siddiqi. |
| 250 ## - EDITION STATEMENT | |
| Edition statement | 1st ed. |
| 260 ## - PUBLICATION, DISTRIBUTION, ETC. (IMPRINT) | |
| Place of publication, distribution, etc. | Karachi : |
| Name of publisher, distributor, etc. | Jamiyat-ul-Fallah Publications, |
| Date of publication, distribution, etc. | 1962. |
| 300 ## - PHYSICAL DESCRIPTION | |
| Pagination | 157 p. [9] ; |
| Size | 25 cm. |
| 504 ## - BIBLIOGRAPHY, ETC. NOTE | |
| Bibliography, etc | Includes index. |
| 650 #0 - SUBJECT ADDED ENTRY--TOPICAL TERM | |
| Topical term or geographic name as entry element | Islamic sociology. |
| 9 (RLIN) | 5672 |
| Topical term or geographic name as entry element | Islam and state |
| General subdivision | History. |
| 9 (RLIN) | 100167 |
| 942 ## - ADDED ENTRY ELEMENTS (KOHA) | |
| Source of classification or shelving scheme | Dewey Decimal Classification |
| Koha item type | Books |
| Lost status | Source of classification or shelving scheme | Damaged status | Not for loan | Collection code | Permanent Location | Current Location | Shelving location | Date acquired | Source of acquisition | Cost, normal purchase price | Total Checkouts | Full call number | Date last seen | Copy number | Koha item type |
|---|---|---|---|---|---|---|---|---|---|---|---|---|---|---|---|
| Dewey Decimal Classification | Not For Loan | Non-fiction | Central Library, University of Rajshahi | Central Library, University of Rajshahi | Reading Room | 10/07/1963 | Allius | 9.00 | 301.4 SIO 1962 | 29/04/2014 | C-1 | Books | |||
| Dewey Decimal Classification | Non-fiction | Central Library, University of Rajshahi | Central Library, University of Rajshahi | 10/07/1963 | Alices book cor. | 9.00 | 301.4 SIO 1962 | 29/04/2014 | C-2 | Books |